Landlocked Counties of England - Statistics

General Stats
  • This quiz has been taken 34 times
  • The average score is 21 of 24
Answer Stats
Hint Answer % Correct
C Cambridgeshire
100%
B Bedfordshire
97%
O Oxfordshire
97%
R Rutland
97%
L Leicestershire
93%
N Nottinghamshire
93%
W West Yorkshire
93%
B Berkshire
90%
B Buckinghamshire
90%
H Herefordshire
90%
H Hertfordshire
90%
S Staffordshire
90%
W Worcestershire
90%
D Derbyshire
87%
S Shropshire
87%
W Warwickshire
87%
W Wiltshire
87%
G Greater London
83%
N Northamptonshire
83%
S South Yorkshire
83%
W West Midlands
83%
G Greater Manchester
80%
S Surrey
77%
C City of London
53%
No matching quizzes found
Score Distribution
Percent of People with Each Score
Percentile by Number Answered
Your Score History
You have not taken this quiz